000 00878nam a2200229 a 4500
001 2892
003 BD-RjUL
005 20211208233634.0
008 150412s1959 ii 0 ben d
035 _a(BD-RjUL)2920
040 _aBD-RjUL
_bben
_cBD-RjUL
041 _aben
082 0 4 _a891.4409
_223
_bSEK 1959
100 _aসেনগুপ্ত, অচিন্ত্যকুমার
_9116540
245 _aকল্লোল যুগ /
_cঅচিন্ত্যকুমার সেনগুপ্ত
250 _a৪র্থ সং.
260 _aকলিকাতা :
_bডি. এম. লাইব্রেরি,
_c১৯৫৯.
300 _a২০২ পৃ. ;
_c২২ সেমি.
650 _aবাংলা সাহিত্য
_vরচনা সমগ্র
_9116541
650 _aBengali literature
_vCollected work
_9116542
942 _2ddc
_cBK
_01
999 _c2892
_d2892